1974 1362 1362 1515 1335 1108 1565 1748 1965 1442 1243 1695 1436 1765 1657 1118 1340 1659 1326 1143 1329 1461 1855 1278 1270 1451 1087 1323 1734 1517 1235 1021 1115 1278 1854 1104 1673 1076 1774 1347 1074 1557 1944 1686 1969 1069 1839 1780 1771 1396 1478 1807 1065 1679 1238 1883 1825 1474 1320 1447 1362 1493 1607 1155 1329 1001 1051 1960 1692 1957 1664 1243 1279 1257 1878 1888 1220 1441 1653 1204 1147 1791 1013 1316 1388 1636 1111 1541 1597 1990 1503 1714 1259 1550 1750 1895 1961 1095 1436 BCNSPRNW ULIB Ver.6.0+V

เปลี่ยนเป็นภาษาไทย

Change to English
 แสดงรายละเอียดบรรณานุกรม
  กลับหน้าหลัก

Brief Record : Get Marc (ISO 2709) : E-mail record : QR code < ปิดหน้าต่าง
LEADER : 00000nam 2200000uu 4500
001    13399126866
003     ULIB
008    190628s2559||||th 000 0 tha d
020    ^a9786167230283
060 04 ^aWM290^bก187ห
100 0  ^aกรองจิต วาทีสาธกกิจ
245 10 ^a๑ อสม. ช่วย ๑ คนเลิกยาสูบ/^cกรองจิต วาทีสาธกกิจ
250    ^aพิมพ์ครั้งที่ 1
260    ^aกรุงเทพฯ :^bฑีรกานต์ กราฟฟิค,^c2559
300    ^a120 หน้า :^bภาพประกอบ ;^c21 ซม.
591    ^aLIRV มีปรับปรุงครั้งที่ 1 ปีพิมพ์ 2560
650  4 ^aการติดบุหรี่^xการรักษา
650  4 ^aการเลิกบุหรี่
650  4 ^aบุหรี่
700 0  ^aมูลนิธิรณรงค์เพื่อการไม่สูบบุหรี่
710 2  ^aสำนักงานกองทุนสนับสนุนการสร้างเสริมสุขภาพ
945    ^p0^l0^i27451
945    ^p0^l0^i27453
999    ^aกัณชพร จุลอักษร
รายการนี้ยังไม่มีแท็ก
คุณยังไม่ได้ล็อกอิน คุณสามารถมีกิจกรรมร่วมกับเว็บไซต์ได้ แต่ต้องล็อกอินก่อน ::
  ล็อกอิน

รายการสื่อสารสนเทศ

ลำดับที่ ประเภท เลขเรียก/บาร์โค้ด สถานที่ สถานะ
1. หนังสือสำรอง
หนังสือสำรอง
WM290 ก187ห ฉ.1 
  Barcode: 27451
ห้องสมุดวิทยาเขตนครสวรรค์
►หนังสือทั่วไป:l:General Books
บนชั้น
2. วิทยาศาสตร์การแพทย์ และสุขภาพ
วิทยาศาสตร์การแพทย์ และสุขภาพ
WM290 ก187ห ฉ.2 
  Barcode: 27453
ห้องสมุดวิทยาเขตนครสวรรค์
►หนังสือทั่วไป:l:General Books
บนชั้น

รายการใกล้เคียง
    ผู้แต่ง [กรองจิต วาทีสาธกกิจ]

    หัวเรื่อง [การเลิกบุหรี่]
    หัวเรื่อง [บุหรี่]

BibComment


ยังไม่เคยถูกคอมเมนท์

คอมเมนท์ทรัพยากรรายการนี้
  คอมเมนท์: ๑ อสม ช่วย ๑ คนเ..


 Copyright 2026. Bcnsprnw @Library